00681cam a22002171 4500001001300000003000400013005001700017008004100034010001700075035002000092040001800112042001200130050000800142100004200150245011900192250003300311260004100344300002600385610003500411999001700446sa 65008931 DLC20260227112158.0890913s1964 io 000 0 ind  asa 65008931  a(OCoLC)23537315 aDLCcMiUdDLC apremarc00aLAW1 aAidit, D. N.,d1923-1965,edefendant.10aAidit menggugat peristiwa Madiun.bPembelaan D. N. Aidit dimuka Pengadilan Negeri Djakarta, tgl. 24 Februari 1955. aTjet. 4,bdisertai lampiran. aDjakarta,bJajasan Pembaruan,c1964. a83 p.bports.c18 cm.10aIndonesia.bPengadilan Negeri. c65956d65956